Designing capable and reliable products
Αποθηκεύτηκε σε:
| Κύριος συγγραφέας: | |
|---|---|
| Άλλοι συγγραφείς: | , |
| Μορφή: | Βιβλίο |
| Γλώσσα: | English |
| Δημοσίευση: |
Oxford :
Butterworth-Heinemann,
c2001
|
| Θέματα: | |
| Ετικέτες: |
Προσθήκη ετικέτας
Δεν υπάρχουν, Καταχωρήστε ετικέτα πρώτοι!
|
MARC
| LEADER | 00000nam a2200000 i 4500 | ||
|---|---|---|---|
| 001 | 1/66777 | ||
| 008 | 041124s2001 eng d | ||
| 020 | |a 0-7506-5076-1 | ||
| 035 | |l 10075459 | ||
| 040 | |a GR-MY-UA |b gre |e aacr | ||
| 041 | 0 | |a eng | |
| 082 | 0 | |a 658.5752 |2 (21) | |
| 100 | 1 | |a Booker, J. D. | |
| 245 | 1 | 0 | |a Designing capable and reliable products / |c J.D. Booker, M. Raines and K.G. Swift |
| 260 | |a Oxford : |b Butterworth-Heinemann, |c c2001 | ||
| 300 | |a xiv, 400 σ.; |b εικ.; |c 25 εκ. | ||
| 504 | |a Περιλαμβάνει βιβλιογραφίες (σ.[381]-[394]) και ευρετήριο. | ||
| 650 | 0 | 0 | |a Reliability (Engineering) |
| 650 | 0 | 0 | |a Industrial design. |
| 650 | 0 | 0 | |a Manufacturing processes. |
| 700 | 1 | |a Raines, M. | |
| 700 | 1 | |a Swift, K. G. | |
| 852 | |a INST |b SYROS |e 20041124 |h 658.5752 BOO |p 005500004094 |q 005500004094 |t BK |y 0 | ||
| 901 | |a BIBL5-2004-3 | ||
| 909 | |a Ε |b 115755 | ||
| 920 | |a ΔΙΕΥΡΥΝΣΗ |b ΕΠΕΑΕΚ-ΤΜΣΠΣ |y ΣΥΡΟΣ |z 2004-10 | ||
| 970 | |a ΚΑΓΙΑΒΑ |b ΕΙΡΗΝΗ |z 2004/11/24 | ||